Statistiques concernant Tennis - Novak Djokovic

Cliquez ici pour prendre le quiz!

Statistiques générales

  • Ce quiz a été pris 642 fois
    (192 depuis la dernière actualisation)
  • Le résultat moyen est 15 sur 24

Statistiques - réponses

HintRéponse% Correct
PaysSerbie
99%
Meilleur Classement1
93%
Nombre d'années terminées à cette place8
84%
Nombre d'Open d'Australie10
83%
Passage pro2002
83%
Nombre de Roland Garros3
83%
Nombre d'US Open4
83%
Nombre de Wimbledon7
83%
Nombre de Masters7
75%
Naissance1987
74%
Revers2 mains
74%
Année de Petit Chelem2011/2015/2021/2023
60%
Nombre de titres98
60%
Année2008
59%
LatéralitéDroitier
55%
Nombre de semaines à cette place (plus proche dizaine)400
54%
Meilleur Résultat aux Jeux OlympiquesBronze
54%
Battu parRafael Nadal
54%
Joueur contre lequel il a la plus grande série de victoiresGaël Monfils
53%
Tournoi le plus souvent remportéOpen d'Australie
50%
Victoire en Coupe Davis2010
37%
ATP Cup2020
27%
Seul joueur au ratio positif contre Djokovic (au moins 4 confrontations)Andy Roddick
15%
Vainqueur contreJames Blake
10%

Distribution des résultats

Percentile par nombre de réponses

% des personnes avec chaque résultat

Votre développement - résultats

Vous n’avez pas pris ce quiz depuis la dernière actualisation